<?xml version="1.0" encoding="UTF-8"?>
<record
    xmlns:xsi="http://www.w3.org/2001/XMLSchema-instance"
    xsi:schemaLocation="http://www.loc.gov/MARC21/slim http://www.loc.gov/standards/marcxml/schema/MARC21slim.xsd"
    xmlns="http://www.loc.gov/MARC21/slim">

  <leader>02321cam a2200301 i 4500</leader>
  <controlfield tag="001">a45337873</controlfield>
  <controlfield tag="003">SIRSI</controlfield>
  <controlfield tag="005">20250828125838.0</controlfield>
  <controlfield tag="008">240614t20242024fr            000 f fre d</controlfield>
  <datafield tag="020" ind1=" " ind2=" ">
    <subfield code="a">9782246831457</subfield>
    <subfield code="q">(paperback)</subfield>
  </datafield>
  <datafield tag="035" ind1=" " ind2=" ">
    <subfield code="a">(OCoLC)1453900730</subfield>
  </datafield>
  <datafield tag="040" ind1=" " ind2=" ">
    <subfield code="a">HUL</subfield>
    <subfield code="b">eng</subfield>
    <subfield code="e">rda</subfield>
    <subfield code="c">HUL</subfield>
    <subfield code="d">OCLCO</subfield>
    <subfield code="d">TJC</subfield>
    <subfield code="d">OCLCO</subfield>
    <subfield code="d">WAU</subfield>
    <subfield code="d">OCLCO</subfield>
    <subfield code="d">JHE</subfield>
    <subfield code="d">OCLCO</subfield>
    <subfield code="d">IXA</subfield>
    <subfield code="d">EEM</subfield>
    <subfield code="d">QGK</subfield>
    <subfield code="d">QGJ</subfield>
    <subfield code="d">UtOrBLW</subfield>
  </datafield>
  <datafield tag="041" ind1=" " ind2=" ">
    <subfield code="a">French</subfield>
  </datafield>
  <datafield tag="043" ind1=" " ind2=" ">
    <subfield code="a">f-rw---</subfield>
  </datafield>
  <datafield tag="050" ind1=" " ind2="4">
    <subfield code="a">PQ2706.A935</subfield>
    <subfield code="b">J33 2024</subfield>
  </datafield>
  <datafield tag="100" ind1=" " ind2=" ">
    <subfield code="a">Faye, Ga&#xEB;l,</subfield>
    <subfield code="d">1982-</subfield>
    <subfield code="e">author.</subfield>
    <subfield code="1">https://id.oclc.org/worldcat/entity/E39PBJwD3G9TKXvWhtfjD8dbBP</subfield>
    <subfield code="0">https://id.loc.gov/authorities/names/no2016136172</subfield>
    <subfield code="4">http://id.loc.gov/vocabulary/relators/aut</subfield>
  </datafield>
  <datafield tag="245" ind1="1" ind2="0">
    <subfield code="a">Jacaranda </subfield>
    <subfield code="b">: roman </subfield>
    <subfield code="c">/ Ga&#xEB;l Faye.</subfield>
  </datafield>
  <datafield tag="250" ind1=" " ind2=" ">
    <subfield code="a">First edition</subfield>
  </datafield>
  <datafield tag="264" ind1=" " ind2="1">
    <subfield code="a">Paris :</subfield>
    <subfield code="b">Bernard Grasset,</subfield>
    <subfield code="c">2024.</subfield>
  </datafield>
  <datafield tag="264" ind1=" " ind2="4">
    <subfield code="c">&#xA9;2024</subfield>
  </datafield>
  <datafield tag="300" ind1=" " ind2=" ">
    <subfield code="a">281 pages, 1 unnumbered page ;</subfield>
    <subfield code="c">21 cm</subfield>
  </datafield>
  <datafield tag="520" ind1=" " ind2=" ">
    <subfield code="a">Quels secrets cache l&#x2019;ombre du jacaranda, l&#x2019;arbre f&#xE9;tiche de Stella ? Il faudra &#xE0; son ami Milan des ann&#xE9;es pour le d&#xE9;couvrir. Des ann&#xE9;es pour percer les silences du Rwanda, d&#xE9;vast&#xE9; apr&#xE8;s le g&#xE9;nocide des Tutsi. En rendant leur parole aux disparus, les jeunes gens &#xE9;chapperont &#xE0; la solitude. Et trouveront la paix pr&#xE8;s des rivages magnifiques du lac Kivu. Sur quatre g&#xE9;n&#xE9;rations, avec sa douceur unique, Ga&#xEB;l Faye nous raconte l&#x2019;histoire terrible d&#x2019;un pays qui s&#x2019;essaie malgr&#xE9; tout au dialogue et au pardon. Comme un arbre se dresse entre t&#xE9;n&#xE8;bres et lumi&#xE8;re, Jacaranda c&#xE9;l&#xE8;bre l&#x2019;humanit&#xE9;, paradoxale, aimante, vivante.</subfield>
  </datafield>
  <datafield tag="520" ind1=" " ind2=" ">
    <subfield code="a">What secrets lie in the shadow of the jacaranda, Stella&#x2019;s cherished tree? It will take her friend Milan years to uncover them. Years to pierce the silence of Rwanda, devastated in the wake of the Tutsi genocide. By giving voice to the disappeared, the two young people escape solitude and find peace on the magnificent shores of Lake Kivu.

Spanning four generations, with his characteristic tenderness, Ga&#xEB;l Faye tells the harrowing story of a country striving, despite everything, for dialogue and forgiveness. Like a tree rising between darkness and light, Jacaranda is a celebration of humanity&#x2014;paradoxical, loving, alive.</subfield>
  </datafield>
  <datafield tag="650" ind1=" " ind2="0">
    <subfield code="a">Rwandan Genocide, Rwanda, 1994</subfield>
    <subfield code="v">Fiction.</subfield>
  </datafield>
  <datafield tag="651" ind1=" " ind2="0">
    <subfield code="z">Rwanda</subfield>
    <subfield code="a">Rwanda</subfield>
    <subfield code="x">History</subfield>
    <subfield code="v">Fiction.</subfield>
  </datafield>
  <datafield tag="653" ind1=" " ind2=" ">
    <subfield code="a">1994</subfield>
  </datafield>
  <datafield tag="942" ind1=" " ind2=" ">
    <subfield code="2">lcc</subfield>
  </datafield>
  <datafield tag="952" ind1=" " ind2=" ">
    <subfield code="0">0</subfield>
    <subfield code="1">0</subfield>
    <subfield code="2">lcc</subfield>
    <subfield code="4">0</subfield>
    <subfield code="7">0</subfield>
    <subfield code="a">TBS</subfield>
    <subfield code="b">TBS</subfield>
    <subfield code="d">2025-08-28</subfield>
    <subfield code="l">0</subfield>
    <subfield code="o">P-FR FAY</subfield>
    <subfield code="p">B07718</subfield>
    <subfield code="r">2025-08-28</subfield>
    <subfield code="t">1</subfield>
    <subfield code="w">2025-08-28</subfield>
    <subfield code="y">1</subfield>
  </datafield>
  <datafield tag="999" ind1=" " ind2=" ">
    <subfield code="c">4900</subfield>
    <subfield code="d">4900</subfield>
  </datafield>
</record>
